000 00356nam a2200133Ia 4500
008 240624s9999 xx 000 0 und d
041 _aeng
082 _a330.01 MAT
100 _aMATHIEU PHILIPPE
245 _aARTIFICIAL ECONOMICS AGENT BASED METHODS
260 _c2006
_aNew York
_bSpringer
300 _axiii, : 237 : p. : cm. ; 24
365 _cRS
_b33.33
999 _c12196
_d12196